000 00408nam a2200181Ia 4500
005 20250603145613.0
008 250603s9999 xx 000 0 und d
020 _a975-7388-46-7
050 _aBP 77.7 .G85/
100 _aGulen, M. Fethullah
245 0 _aProphet Muhammed as commander
260 _aIzmir
260 _bKaynak
260 _c1998
300 _a124 p
650 _aIzmir
942 _cBK
999 _c42325
_d42325